000 00979nam a2200277 a 4500
001 000020049
005 20200929170237.0
008 100716s1968 sp r 001 e spa d
040 _aDO-SdBNP
_bspa
_cBNPHU
082 _a864.6
_bM542d, 1968
100 1 _aMenéndez Pidal, Ramón,
_d1869-1968
_93902
245 1 0 _aDe primitiva lírica española y antigua épica /
_cRamón Menéndez Pidal.
250 _a2a ed.
260 _aMadrid :
_bEspasa-Calpe,
_c1968.
300 _a154 p. ;
_c18 cm.
490 1 _aAustra. Verde: ensayos y filosofía
_v1051
500 _aIncluye referencia biográfica del autor en la solapa.
500 _aIncluye referencias bibliográficas y notas al pie de las páginas.
500 _aIncluye índice de autores.
650 4 _aEnsayos españoles
_93095
650 4 _aLiteratura española
_9632
650 4 _aPoesía épica española
_917311
830 0 _aAustra. Verde : ensayos y filosofía ;
_v1051
_942623
910 _aWM
049 _aBNGR
999 _c19557
_d19557